000 00581nam a2200217Ia 4500
003 OSt
005 20220926045134.0
006 a|||||r|||| 00| 0
007 ta
008 220923b |||||||| |||| 00| 0 eng d
037 _cGeneral Book
040 _aRTL
_cRTL
_beng
041 _2eng
_aeng
082 _aV1-52:5:D2, H1
100 _aCarcopino Jerome
_9349863
245 0 _aDaily life in ancient Rome
_b The people and the ci
260 _c1941
650 _aHistory
942 _hV1-52:5:D2, H1
_cGB
_2CC
999 _c676810
_d676810